<?xml version="1.0" encoding="UTF-8"?>
<record
    xmlns:xsi="http://www.w3.org/2001/XMLSchema-instance"
    xsi:schemaLocation="http://www.loc.gov/MARC21/slim http://www.loc.gov/standards/marcxml/schema/MARC21slim.xsd"
    xmlns="http://www.loc.gov/MARC21/slim">

  <leader>00683nam a2200145Ia 4500</leader>
  <datafield tag="999" ind1=" " ind2=" ">
    <subfield code="c">6181</subfield>
    <subfield code="d">6181</subfield>
  </datafield>
  <datafield tag="020" ind1=" " ind2=" ">
    <subfield code="a">9780123705044</subfield>
  </datafield>
  <datafield tag="082" ind1=" " ind2=" ">
    <subfield code="a">RR 153.1 LEA-</subfield>
  </datafield>
  <datafield tag="245" ind1=" " ind2="0">
    <subfield code="a">Learning and memory: a comprehensive reference</subfield>
  </datafield>
  <datafield tag="260" ind1=" " ind2=" ">
    <subfield code="a">Amsterdam</subfield>
    <subfield code="b">Elsevier</subfield>
    <subfield code="c">2008</subfield>
  </datafield>
  <datafield tag="500" ind1=" " ind2=" ">
    <subfield code="a">contents: 4 vols. Vol.1 (Learning theory and behaviour), (ed. by Randolf Menzel), (xx, 757p.) - vol. 2 (Cognitive psychology of memory), (ed. by Henry L. Roediger), (xxii, 939p.) - vol. 3 (Memory systems), (ed by Howard Eichenbaum), (xviii, 620p.) - vol. 4 (Molecular mechanisms of memory), (ed. by J. David Sweatt), (xx, 1059p.).</subfield>
  </datafield>
  <datafield tag="650" ind1=" " ind2=" ">
    <subfield code="a">Learning, Psychology of</subfield>
  </datafield>
  <datafield tag="650" ind1=" " ind2=" ">
    <subfield code="a">Memory</subfield>
  </datafield>
  <datafield tag="700" ind1=" " ind2=" ">
    <subfield code="a">Byrne, John H.</subfield>
  </datafield>
  <datafield tag="942" ind1=" " ind2=" ">
    <subfield code="c">BK</subfield>
    <subfield code="2">ddc</subfield>
  </datafield>
  <datafield tag="952" ind1=" " ind2=" ">
    <subfield code="0">0</subfield>
    <subfield code="1">0</subfield>
    <subfield code="4">0</subfield>
    <subfield code="7">0</subfield>
    <subfield code="a">NASSDOC</subfield>
    <subfield code="b">NASSDOC</subfield>
    <subfield code="d">2008-10-07</subfield>
    <subfield code="e">SEGM</subfield>
    <subfield code="h">V.1</subfield>
    <subfield code="i">2008-09-10</subfield>
    <subfield code="l">0</subfield>
    <subfield code="o">RR 153.1 LEA-</subfield>
    <subfield code="p">44565</subfield>
    <subfield code="r">2019-04-18 00:00:00</subfield>
    <subfield code="w">2019-04-18</subfield>
    <subfield code="y">BK</subfield>
  </datafield>
  <datafield tag="952" ind1=" " ind2=" ">
    <subfield code="0">0</subfield>
    <subfield code="1">0</subfield>
    <subfield code="4">0</subfield>
    <subfield code="7">0</subfield>
    <subfield code="a">NASSDOC</subfield>
    <subfield code="b">NASSDOC</subfield>
    <subfield code="d">2008-10-07</subfield>
    <subfield code="e">SEGM</subfield>
    <subfield code="h">V.2</subfield>
    <subfield code="i">2008-09-10</subfield>
    <subfield code="l">0</subfield>
    <subfield code="o">RR 153.1 LEA-</subfield>
    <subfield code="p">44566</subfield>
    <subfield code="r">2019-04-18 00:00:00</subfield>
    <subfield code="w">2019-04-18</subfield>
    <subfield code="y">BK</subfield>
  </datafield>
  <datafield tag="952" ind1=" " ind2=" ">
    <subfield code="0">0</subfield>
    <subfield code="1">0</subfield>
    <subfield code="4">0</subfield>
    <subfield code="7">0</subfield>
    <subfield code="a">NASSDOC</subfield>
    <subfield code="b">NASSDOC</subfield>
    <subfield code="d">2008-10-07</subfield>
    <subfield code="e">SEGM</subfield>
    <subfield code="h">V.3</subfield>
    <subfield code="i">2008-09-10</subfield>
    <subfield code="l">0</subfield>
    <subfield code="o">RR 153.1 LEA-</subfield>
    <subfield code="p">44567</subfield>
    <subfield code="r">2019-04-18 00:00:00</subfield>
    <subfield code="w">2019-04-18</subfield>
    <subfield code="y">BK</subfield>
  </datafield>
  <datafield tag="952" ind1=" " ind2=" ">
    <subfield code="0">0</subfield>
    <subfield code="1">0</subfield>
    <subfield code="4">0</subfield>
    <subfield code="7">0</subfield>
    <subfield code="a">NASSDOC</subfield>
    <subfield code="b">NASSDOC</subfield>
    <subfield code="d">2008-10-07</subfield>
    <subfield code="e">SEGM</subfield>
    <subfield code="h">V.4</subfield>
    <subfield code="i">2008-09-10</subfield>
    <subfield code="l">0</subfield>
    <subfield code="o">RR 153.1 LEA-</subfield>
    <subfield code="p">44568</subfield>
    <subfield code="r">2019-04-18 00:00:00</subfield>
    <subfield code="w">2019-04-18</subfield>
    <subfield code="y">BK</subfield>
  </datafield>
</record>
